Podział administracyjny Holandii - Statystyki

Ogólne statystyki
  • Ten quiz został rozwiązany 3 razy
  • Średni wynik to 2 z 18
Statystyki odpowiedzi
Obrazkowy Odpowiedź % Poprawnych
Fryzja
67%
Aruba
33%
Curaçao
33%
Saba
33%
Bonaire
0%
Brabancja Północna
0%
Drenthe
0%
Flevoland
0%
Geldria
0%
Groningen
0%
Holandia Północna
0%
Holandia Południowa
0%
Limburgia
0%
Overijssel
0%
Sint Eustatius
0%
Sint Maarten
0%
Utrecht
0%
Zelandia
0%
Nie znaleziono quizów pasujących do podanych kryteriów
Rozkład punktacji
Procent ludzi z każdym wynikiem
Percentyl według liczby udzielonych odpowiedzi
Twoja historia wyników
Nie rozwiązałeś tego quizu